Amelos o pi‚rdalos : como lograr que los mejores empleados se queden en su empresa / Beverly Kaye, Sharon Jordan-Evans. (Registro nro. 15511)
[ vista simple ]
| 000 -LÍDER | |
|---|---|
| fixed length control field | 00581nam a2200157 4500 |
| 008 - ELEMENTOS DE LONGITUD FIJA -- INFORMACIÓN GENERAL | |
| fixed length control field | 0 2000 0a 000 0MEX |
| 020 ## - NÚMERO INTERNACIONAL NORMALIZADO PARA LIBROS | |
| ISBN | 968-444-457-5 |
| 050 ## - SIGNATURA TOPOGRAFICA DE LA BIBLIOTECA DEL CONGRESO (LC) | |
| Número de Clasificación | HF5549.5.R58 K39 2000 |
| 082 ## - NUMERO DE CLASIFICACION DECIMAL DEWEY | |
| Número de Clasificación | 658.314 K23a |
| 100 ## - ASIENTO PRINCIPAL--NOMBRE PERSONAL | |
| Nombre personal | Kaye, Beverly |
| 245 ## - TÍTULO | |
| Título | Amelos o pi‚rdalos : como lograr que los mejores empleados se queden en su empresa / Beverly Kaye, Sharon Jordan-Evans. |
| 260 ## - PUBLICACIÓN, DISTRIBUCIÓN, ETC. (PIE DE IMPRENTA) | |
| Lugar de publicación, distribución, etc. | México : Pearson educación |
| 300 ## - DESCRIPCIÓN FÍSICA | |
| Extensión | 256 p. / 23 cm. |
| 650 ## - ASIENTO SECUNDARIO DE MATERIA - TERMINO TEMÁTICO | |
| Término temático o nombre geográfico como elemento de entrada | 1.MOTIVACION-ADMINISTRACION PERSONAL \ 2.RETENCION DE EMPLEADOS |
| 700 ## - ASIENTO SECUNDARIO - NOMBRE PERSONAL | |
| Nombre personal | Jordan-Evans, Sharon, Coaut. |
| No. biblioteca | No. biblioteca | Número de clasificación | Código de barras/Número de adquisición | Número de copia | Tipo de material |
|---|---|---|---|---|---|
| LUIS G. INCLAN | LUIS G. INCLAN | 658.314 K23a | 40867 | 1 | Libros |
| LUIS G. INCLAN | LUIS G. INCLAN | 658.314 K23a | 40868 | 2 | Libros |
| LUIS G. INCLAN | LUIS G. INCLAN | 658.314 K23a | 40869 | 3 | Libros |
| LUIS G. INCLAN | LUIS G. INCLAN | 658.314 K23a | 40870 | 4 | Libros |
| LUIS G. INCLAN | LUIS G. INCLAN | 658.314 K23a | 40871 | 5 | Libros |
